| 000 | 01439nam a2200337 4500 | ||
|---|---|---|---|
| 001 | 114036 | ||
| 003 | DR-UNIBE | ||
| 005 | 20260430062612.0 | ||
| 008 | 250807b2025 dr ||||| |||| 00| 1 spa d | ||
| 020 | _a 9789945947939 obra completa | ||
| 020 | _a9789945947960 | ||
| 040 |
_aBIBLIOTECA UNIBE _bspa _cBIBLIOTECA UNIBE _erda |
||
| 041 | _aspa | ||
| 090 | _aFBIU-VB CI AQ657e | ||
| 100 | 1 | 0 |
_aAquino Baroni, Aliani _9198248 _eautor |
| 245 | 1 | 4 |
_aLas aventuras de la ciguapa palmera : _bErnesta, una gata honesta / _cAlinia Aquino Baroni ; diseño general: José Sánchez Green, Rodríguez ; ilustraciones: Baroni, Alicia ; colaborador: Pérez , Luis Reynaldo |
| 250 | _aPrimera edición | ||
| 260 |
_aSanto Domingo: _bVoluntariado Banreservas, _c2025 |
||
| 300 |
_a24 páginas : _bIlustraciones a color ; _c20 x 19 cm |
||
| 500 | _aPalabras del Voluntariado Banreservas referentes a la obra | ||
| 653 | 7 | _a Cuentos infantiles dominicanos | |
| 653 | 7 | _aCigua Palmera - Cuentos infantiles dominicanos | |
| 653 | 7 | _aGatas - Cuentos infantiles dominicanos | |
| 653 | 7 | _aRepública Dominicana - Cuentos infantiles dominicanos | |
| 653 | 7 | _a Literatura infantil dominicana | |
| 700 | 1 | 0 |
_aSánchez Green, José _954278 _ediseñador |
| 700 | 1 | 0 |
_aRodríguez, Joel _9198249 _ediseñador |
| 700 | 0 |
_aBaroni, Alicia, _d1963- _eilustrador _9185555 |
|
| 700 | 1 | 0 |
_aPérez , Luis Reynaldo, _d1980- _939270 _ecolaborador |
| 942 |
_2ddc _cBK |
||
| 999 |
_c114036 _d114036 |
||